|
|
|
|
| LEADER |
00000nam0a2200000 4500 |
| 001 |
268812 |
| 005 |
20231101234212.0 |
| 035 |
|
|
|a (RuTPU)RU\TPU\book\291968
|
| 090 |
|
|
|a 268812
|
| 100 |
|
|
|a 20140909d1916 m y0rusy50 ca
|
| 101 |
0 |
|
|a rus
|
| 102 |
|
|
|a RU
|
| 105 |
|
|
|a a j 001zy
|
| 200 |
1 |
|
|a Начала высшей математики
|e лекции II семестра 1915-16 уч. года
|f Е. П. Иванов
|g Сибирские технические курсы товарищества профессоров и преподавателей
|
| 210 |
|
|
|a Томск
|c Т-во "Печатня С. П. Яковлева"
|d 1916
|
| 215 |
|
|
|a 256 с.
|c ил.
|
| 300 |
|
|
|a Литограф. изд.
|
| 300 |
|
|
|a Текст в русской дореформенной орфографии
|
| 320 |
|
|
|a Библиогр.: с. 246
|
| 610 |
1 |
|
|a высшая математика
|
| 610 |
1 |
|
|a учебные курсы
|
| 610 |
1 |
|
|a коллекция ТПУ
|
| 675 |
|
|
|a 51(07)
|v 3
|
| 700 |
|
1 |
|a Иванов
|b Е. П.
|
| 712 |
0 |
2 |
|a Сибирские технические курсы товарищества профессоров и преподавателей
|c (Томск)
|2 stltpush
|3 (RuTPU)RU\TPU\col\19831
|9 27615
|
| 801 |
|
1 |
|a RU
|b 63413507
|c 20140909
|
| 801 |
|
2 |
|a RU
|b 63413507
|c 20201123
|g RCR
|
| 942 |
|
|
|c BK
|